000 00722nam a2200217 4500
001 143951
003 ES-MaACL
005 20230906200919.0
007 t|
008 070214s1969 sp r ||||1| spa d
017 _aB 4443-1969
080 _a617.735-073.75(084)
100 1 _aShikano, Shinichi.
_9106122
245 1 0 _aAtlas de fluoresceingrafía del fondo ocular /
_cShinichi Shikano, Koichi Shimiau ; versión española revisada por F. Palomar-Petit.
260 _aBarcelona :
_bSalvat,
_c1969.
300 _a201 p., 21 lám. :
_bil. ;
_c30 cm.
650 0 0 _aOftalmología-
_vAtlas.
_915694
700 1 _aShimiau, Koichi.
_9106126
700 1 _aPalomar-Petit, F.
_988670
852 _aES-MaACL
_jC-56935
_bR.69813
999 _c143951
_d143951